000 00815nam a2200253Ia 4500
003 OSt
005 20220928125021.0
006 a|||||r|||| 00| 0
007 ta
008 220927b |||||||| |||| 00| 0 eng d
020 _c9222.5400000000009
024 _a127826
037 _b220, 31/12/2015, Classic Book Service
_cTextual
040 _aSDCL
_cSDCL
_beng
041 _2eng
_aeng
082 _aS:4-86, P4;1-2
100 _aPonsford Jennie Ed.
_9467602
245 0 _aCognitive and behavioral rehabilitation
_b From neurobiology to clinical practice
260 _aNew York
_b Guilford Press
_c2004
300 _axvi;366p.
_ccm.
650 _aApp Psychology
942 _hS:4-86, P4;1-2
_cTEXL
_2CC
999 _c780476
_d780476